[Event "POL-chT"]
[Site "Poland"]
[Date "2017.09.29"]
[Round "4.6"]
[White "Zawadzka, Beata"]
[Black "Kubicka, Anna"]
[Result "1-0"]
[WhiteElo "2324"]
[BlackElo "2190"]
[PlyCount "71"]
[EventDate "2017.05.05"]
[EventType "team-tourn"]
[EventRounds "9"]
[EventCountry "POL"]
[SourceTitle "EXT 2018"]
[Source "ChessBase"]
[SourceDate "2017.10.13"]
[SourceVersion "1"]
[SourceVersionDate "2017.10.13"]
[SourceQuality "1"]
[WhiteTeam "Gorzow Wielkopolski Stilon"]
[BlackTeam "Dabrowa Gornicza Zaglebie"]
[WhiteTeamCountry "POL"]
[BlackTeamCountry "POL"]

1. d4 Nf6 2. g3 g6 3. Bg2 Bg7 4. e4 d6 5. Ne2 0-0 6. 0-0 c5 7. c3 cxd4 8. cxd4 e5 9. Nbc3 Nc6 10. d5 Ne7 11. h3 Ne8 12. Be3 f5 13. Rc1 Bd7 14. Qb3 b6 15. f4 Kh8 16. fxe5 Bxe5 17. Bd4 Bxd4+ 18. Nxd4 Nf6 19. Ne6 Bxe6 20. dxe6 Rc8 21. Rce1 fxe4 22. Nxe4 Nxe4 23. Bxe4 Qc7 24. Qe3 d5 25. Bg2 Rxf1+ 26. Rxf1 Nf5 27. Qg5 Qg7 28. g4 Ng3 29. Re1 Ne4 30. Qxd5 Nf6 31. e7 Re8 32. Qd8 Qg8 33. Qd6 Qg7 34. Bc6 Rg8 35. Rf1 Nh5 36. Rf8 1-0

[Event "EU-chT (Women) 19th"]
[Site "Warsaw"]
[Date "2013.11.17"]
[Round "9.26"]
[White "Zawadzka, Beata"]
[Black "Raeva, Elitsa"]
[Result "1/2-1/2"]
[WhiteElo "2327"]
[BlackElo "2361"]
[PlyCount "83"]
[EventDate "2013.11.08"]
[EventType "team-swiss"]
[EventRounds "9"]
[EventCountry "POL"]
[SourceTitle "EXT 2014"]
[Source "ChessBase"]
[SourceDate "2013.11.20"]
[SourceVersion "1"]
[SourceVersionDate "2013.11.20"]
[SourceQuality "1"]
[WhiteTeam "Poland (W) III"]
[BlackTeam "Bulgaria (W)"]
[WhiteTeamCountry "POL"]
[BlackTeamCountry "BUL"]

1. Nf3 Nf6 2. c4 c5 3. d4 cxd4 4. Nxd4 g6 5. Nc3 Bg7 6. e4 0-0 7. Be3 Nc6 8. Be2 d6 9. 0-0 Bd7 10. Qd2 Nxd4 11. Bxd4 Bc6 12. f3 Nd7 13. Be3 Nc5 14. Rab1 a5 15. b3 Qb6 16. Rfc1 Rfc8 17. Rc2 h5 18. Bf1 Kh7 19. Kh1 Qd8 20. Bg5 Qf8 21. Nd5 Bxd5 22. exd5 e5 23. dxe6 fxe6 24. Re1 e5 25. Be3 Rd8 26. Bd3 Bh6 27. Be4 Bxe3 28. Qxe3 Qh6 29. Qc3 Qf4 30. Qe3 Qxe3 31. Rxe3 Rab8 32. Bd5 b5 33. cxb5 Rxb5 34. Bc4 Rb4 35. Rd2 Kh6 36. Rxe5 a4 37. h4 axb3 38. axb3 Nxb3 39. Bxb3 dxe5 40. Rxd8 Rxb3 41. Rd5 Rb4 42. Rxe5 1/2-1/2

[Event "EU-chT (Women) 19th"]
[Site "Warsaw"]
[Date "2013.11.14"]
[Round "6.3"]
[White "Zawadzka, Beata"]
[Black "Kachiani Gersinska, Ketino"]
[Result "1/2-1/2"]
[WhiteElo "2327"]
[BlackElo "2365"]
[PlyCount "115"]
[EventDate "2013.11.08"]
[EventType "team-swiss"]
[EventRounds "9"]
[EventCountry "POL"]
[SourceTitle "EXT 2014"]
[Source "ChessBase"]
[SourceDate "2013.11.20"]
[SourceVersion "1"]
[SourceVersionDate "2013.11.20"]
[SourceQuality "1"]
[WhiteTeam "Poland (W) III"]
[BlackTeam "Germany (W)"]
[WhiteTeamCountry "POL"]
[BlackTeamCountry "GER"]

1. e4 c6 2. c4 e5 3. Nf3 d6 4. d4 Nd7 5. Nc3 Ngf6 6. Be2 Be7 7. 0-0 0-0 8. Re1 Qe8 9. Rb1 Bd8 10. Bf1 Qe7 11. h3 Bc7 12. Be3 Rd8 13. Qc2 Nf8 14. b4 Ng6 15. b5 Ba5 16. Nd2 Bxc3 17. Qxc3 c5 18. dxc5 dxc5 19. g3 b6 20. Bg2 Bb7 21. Bg5 Rd7 22. Qa3 Qe6 23. Rec1 h6 24. Be3 Rad8 25. Rc2 Nf8 26. Kh2 Ba8 27. f3 Nh5 28. Nf1 f5 29. Bf2 f4 30. g4 Nf6 31. Rbb2 g5 32. Qc3 h5 33. Rd2 hxg4 34. hxg4 Bxe4 35. fxe4 Nxg4+ 36. Kg1 Nxf2 37. Kxf2 Rd4 38. Qh3 g4 39. Qh4 R8d7 40. Rxd4 cxd4 41. Nd2 Qg6 42. Rb1 g3+ 43. Kg1 d3 44. Bh3 Rg7 45. Qd8 Qh5 46. Bg2 Qe2 47. Nf3 Qf2+ 48. Kh1 Rh7+ 49. Nh4 d2 50. Qd5+ Kg7 51. Qxe5+ Kf7 52. Qf5+ Ke7 53. Qg5+ Ke8 54. Qe5+ Kd8 55. Qg5+ Kc7 56. Qe5+ Kd8 57. Qf6+ Ke8 58. Qe5+ 1/2-1/2

[Event "POL-chT 69th"]
[Site "Poland"]
[Date "2013.09.14"]
[Round "7.3"]
[White "Zawadzka, Jolanta"]
[Black "Zawadzka, Beata"]
[Result "1/2-1/2"]
[WhiteElo "2383"]
[BlackElo "2286"]
[PlyCount "58"]
[EventDate "2013.05.24"]
[EventType "team-tourn"]
[EventRounds "9"]
[EventCountry "POL"]
[SourceTitle "EXT 2014"]
[Source "ChessBase"]
[SourceDate "2013.11.20"]
[SourceVersion "1"]
[SourceVersionDate "2013.11.20"]
[SourceQuality "1"]
[WhiteTeam "Wroclaw Polonia"]
[BlackTeam "Gorzow Wielkopolski Stilon"]
[WhiteTeamCountry "POL"]
[BlackTeamCountry "POL"]

1. e4 c5 2. Nf3 Nc6 3. d4 cxd4 4. Nxd4 e5 5. Nb5 d6 6. c4 Be7 7. N1c3 a6 8. Na3 f5 9. exf5 Bxf5 10. Be2 Nf6 11. 0-0 0-0 12. Nc2 Rc8 13. b3 b5 14. Ne3 Be6 15. Ncd5 Nd4 16. Bd3 Nxd5 17. cxd5 Bd7 18. Bb2 Qb6 19. Kh1 Nf5 20. Nxf5 Bxf5 21. Bxf5 Rxf5 22. Qg4 Rcf8 23. f3 Qe3 24. Rab1 Qd2 25. Rfd1 Qe2 26. Re1 Qd2 27. Red1 Qe2 28. Re1 Qd2 29. Red1 Qe2 1/2-1/2

[Event "EU-ch rapid"]
[Site "Warsaw"]
[Date "2012.12.15"]
[Round "7"]
[White "Zawadzka, Beata"]
[Black "Simonian, Hrair"]
[Result "0-1"]
[WhiteElo "2286"]
[BlackElo "2459"]
[PlyCount "56"]
[EventDate "2012.12.15"]
[EventType "swiss (rapid)"]
[EventRounds "11"]
[EventCountry "POL"]
[SourceTitle "EXT 2014"]
[Source "ChessBase"]
[SourceDate "2013.11.20"]
[SourceVersion "1"]
[SourceVersionDate "2013.11.20"]
[SourceQuality "1"]

1. e4 c5 2. Nc3 e6 3. Nf3 a6 4. d4 cxd4 5. Nxd4 b5 6. Bd3 Qb6 7. Nb3 Nc6 8. Be3 Qc7 9. f4 Bb7 10. Qe2 Be7 11. 0-0-0 Nb4 12. Kb1 Nf6 13. g4 d5 14. e5 Nd7 15. Bd4 Nxd3 16. cxd3 b4 17. Na4 Qc6 18. Nac5 Nxc5 19. Nxc5 Bxc5 20. Rc1 Bxd4 21. Rxc6 Bxc6 22. Rc1 Rc8 23. Rf1 Ba4 24. b3 Bb5 25. f5 Rc3 26. Rf3 0-0 27. f6 Rfc8 28. Qd2 Bxe5 0-1

[Event "World University-ch (Women) 12th"]
[Site "Guimaraes"]
[Date "2012.08.21"]
[Round "4"]
[White "Zawadzka, Beata"]
[Black "Zhang, Xiaowen"]
[Result "0-1"]
[WhiteElo "2311"]
[BlackElo "2376"]
[PlyCount "102"]
[EventDate "2012.08.20"]
[EventType "swiss"]
[EventRounds "9"]
[EventCountry "POR"]
[SourceTitle "CBM 150 Extra"]
[Source "ChessBase"]
[SourceDate "2012.10.19"]
[SourceVersion "1"]
[SourceVersionDate "2012.10.19"]
[SourceQuality "1"]

1. d4 Nf6 2. Bg5 c5 3. Bxf6 gxf6 4. d5 Qb6 5. Qc1 f5 6. c4 Bg7 7. Nc3 d6 8. e3 Nd7 9. Qc2 Nf6 10. Bd3 e6 11. Nge2 Bd7 12. Rb1 Rg8 13. a3 a5 14. 0-0 Ng4 15. h3 Ne5 16. Nf4 Nxd3 17. Nxd3 Qd8 18. Kh1 Qh4 19. Nb5 Ke7 20. b4 cxb4 21. axb4 Rgc8 22. bxa5 Qxc4 23. Qxc4 Rxc4 24. dxe6 fxe6 25. Rfd1 d5 26. Na3 Ra4 27. Nc5 Rxa3 28. Nxd7 Ra7 29. Nb6 Kd8 30. Nxd5 exd5 31. Rxd5+ Ke8 32. Rxf5 Ra1 33. Rxa1 Bxa1 34. Rh5 Bc3 35. Rxh7 Bxa5 36. g4 Bd8 37. h4 Be7 38. g5 b5 39. g6 b4 40. h5 b3 41. g7 Kf7 42. Rh8 Kxg7 43. Rb8 Ra1+ 44. Kg2 Rb1 45. Rb7 Kf8 46. Rb8+ Kf7 47. Rb7 b2 48. e4 Kf8 49. Rb8+ Kg7 50. Rb7 Kh6 51. Rxe7 Ra1 0-1

[Event "World University-ch (Women) 12th"]
[Site "Guimaraes"]
[Date "2012.08.20"]
[Round "1"]
[White "Salazar Loor, Sara"]
[Black "Zawadzka, Beata"]
[Result "1/2-1/2"]
[WhiteElo "1887"]
[BlackElo "2311"]
[PlyCount "154"]
[EventDate "2012.08.20"]
[EventType "swiss"]
[EventRounds "9"]
[EventCountry "POR"]
[SourceTitle "CBM 150 Extra"]
[Source "ChessBase"]
[SourceDate "2012.10.19"]
[SourceVersion "1"]
[SourceVersionDate "2012.10.19"]
[SourceQuality "1"]

1. e4 c5 2. Nf3 d6 3. d4 cxd4 4. Nxd4 Nf6 5. Nc3 a6 6. Be3 e5 7. Nb3 Be7 8. f3 Be6 9. Qd2 0-0 10. Nd5 Bxd5 11. exd5 Nbd7 12. c4 a5 13. a4 e4 14. f4 Ng4 15. Be2 Bh4+ 16. g3 Nxe3 17. Qxe3 Bf6 18. Ra2 Re8 19. 0-0 Qc7 20. g4 g6 21. Nd2 Nc5 22. g5 Bh8 23. f5 Qb6 24. f6 Nxa4 25. Qxb6 Nxb6 26. Rf4 h6 27. h4 Nd7 28. Nxe4 b6 29. Bg4 hxg5 30. hxg5 Nc5 31. Nxc5 bxc5 32. Bd7 Re5 33. Rg4 Ra7 34. Bc6 Rf5 35. b3 Bxf6 36. gxf6 Rxf6 37. Re2 Rf3 38. Ba4 Kg7 39. Kg2 Rc3 40. Rge4 Kf6 41. R4e3 Rc1 42. Rf2+ Kg7 43. Re8 f5 44. Rd8 Ra6 45. Bc6 Rb6 46. Ba4 Re1 47. Ra8 Ra1 48. Re2 Kf6 49. Rc8 Kg5 50. Kf3 Rf1+ 51. Rf2 Rxf2+ 52. Kxf2 Kf4 53. Rc6 Rb7 54. Rxd6 g5 55. Rd7 Rb8 56. Rh7 Rb6 57. Bb5 g4 58. Rh5 g3+ 59. Kg2 Kg4 60. Rh7 f4 61. Bd7+ Kg5 62. Bb5 Kf5 63. Kf3 Rg6 64. Bd7+ Ke5 65. Bh3 Kd4 66. Bg2 Kc3 67. Rb7 a4 68. bxa4 Kxc4 69. Kxf4 Kd4 70. a5 c4 71. Rb6 Rxb6 72. axb6 c3 73. b7 c2 74. b8Q c1Q+ 75. Kxg3 Qg5+ 76. Kf3 Qxd5+ 77. Kg3 Qb3+ 1/2-1/2

[Event "World University-ch (Women) 12th"]
[Site "Guimaraes"]
[Date "2012.08.20"]
[Round "2"]
[White "Zawadzka, Beata"]
[Black "Zullkafli, Nurshazwani"]
[Result "1-0"]
[WhiteElo "2311"]
[BlackElo "2032"]
[PlyCount "111"]
[EventDate "2012.08.20"]
[EventType "swiss"]
[EventRounds "9"]
[EventCountry "POR"]
[SourceTitle "CBM 150 Extra"]
[Source "ChessBase"]
[SourceDate "2012.10.19"]
[SourceVersion "1"]
[SourceVersionDate "2012.10.19"]
[SourceQuality "1"]

1. Nf3 d5 2. c4 e6 3. d4 Nf6 4. Nc3 c6 5. cxd5 exd5 6. Qc2 Nbd7 7. Bg5 Be7 8. e3 0-0 9. Bd3 Re8 10. h3 Nf8 11. 0-0-0 Nh5 12. Bxe7 Qxe7 13. g4 Nf6 14. Kb1 Ng6 15. Rdg1 Bd7 16. Bxg6 hxg6 17. Ne5 Rac8 18. h4 Nh7 19. Ka1 b6 20. Qd2 Qd6 21. g5 Bf5 22. h5 Qe7 23. f4 Qe6 24. h6 f6 25. hxg7 fxe5 26. Qh2 Kf7 27. Qxh7 Rg8 28. fxe5 Rxg7 29. Qh4 Ke7 30. Rf1 Rd8 31. Rf2 Qg8 32. Rfh2 Qf7 33. a3 Qe6 34. Qh6 Rdg8 35. Rf1 Kd7 36. Qh4 Qe7 37. e4 dxe4 38. Nxe4 Bxe4 39. Qxe4 Qxg5 40. Rg2 Qe7 41. Rf6 Kc7 42. Qxc6+ Kb8 43. Rgxg6 Rxg6 44. Rxg6 Rc8 45. Qd6+ Qc7 46. Ka2 Kb7 47. Qxc7+ Rxc7 48. Kb3 a6 49. Rd6 b5 50. e6 Re7 51. Kb4 Kc7 52. Rxa6 Kb7 53. Rd6 Kc7 54. Rd7+ Rxd7 55. exd7 Kxd7 56. Kxb5 1-0

[Event "POL-chT"]
[Site "Warsaw"]
[Date "2012.05.04"]
[Round "1.4"]
[White "Chlost, Marlena"]
[Black "Zawadzka, Beata"]
[Result "0-1"]
[WhiteElo "2191"]
[BlackElo "2308"]
[PlyCount "82"]
[EventDate "2012.05.04"]
[EventType "team-tourn"]
[EventRounds "9"]
[EventCountry "POL"]
[SourceTitle "CBM 148 Extra"]
[Source "ChessBase"]
[SourceDate "2012.06.22"]
[SourceVersion "1"]
[SourceVersionDate "2012.06.22"]
[SourceQuality "1"]
[WhiteTeam "Poznan Pocztowiec"]
[BlackTeam "Gorzow Wielkopolski Stilon"]
[WhiteTeamCountry "POL"]
[BlackTeamCountry "POL"]

1. e4 c5 2. Nf3 d6 3. d4 cxd4 4. Nxd4 Nf6 5. Nc3 a6 6. Bg5 e6 7. Qd2 Be7 8. 0-0-0 b5 9. a3 Bb7 10. Bxf6 Bxf6 11. f4 0-0 12. Kb1 Nc6 13. Nxc6 Bxc6 14. Bd3 Rb8 15. e5 dxe5 16. Qe2 Qc7 17. Ne4 Bxe4 18. Qxe4 g6 19. Rde1 exf4 20. h4 a5 21. h5 b4 22. a4 Rfd8 23. hxg6 hxg6 24. Qf3 b3 25. c3 Qd7 26. Bb5 Qd2 27. Rc1 Qe3 28. Qc6 Rd2 29. Qc4 Qf2 30. Qxb3 Qxg2 31. Ka1 Qe4 32. Rhf1 f3 33. Rce1 Qf5 34. Rd1 Rbd8 35. Rxd2 Rxd2 36. Bc6 f2 37. Bb5 Kg7 38. Bc4 g5 39. Qb7 Qc2 40. Qb5 g4 41. Rb1 g3 0-1

[Event "POL-chT"]
[Site "Wroclaw"]
[Date "2011.10.07"]
[Round "7.2"]
[White "Czarnota, Dorota"]
[Black "Zawadzka, Beata"]
[Result "1-0"]
[WhiteElo "2231"]
[BlackElo "2272"]
[PlyCount "79"]
[EventDate "2011.05.06"]
[EventType "team-tourn"]
[EventRounds "9"]
[EventCountry "POL"]
[SourceTitle "EXT 2012"]
[Source "ChessBase"]
[SourceDate "2011.11.24"]
[SourceVersion "1"]
[SourceVersionDate "2011.11.24"]
[SourceQuality "1"]
[WhiteTeam "Grudziadz"]
[BlackTeam "Gorzow Wielkopolski Stilon"]
[WhiteTeamCountry "POL"]
[BlackTeamCountry "POL"]

1. d4 Nf6 2. c4 d6 3. Nc3 Nbd7 4. e4 e5 5. d5 Nc5 6. f3 a5 7. Nge2 Be7 8. Be3 c6 9. Nc1 0-0 10. Nd3 cxd5 11. cxd5 Nfd7 12. Qd2 a4 13. 0-0-0 Nxd3+ 14. Bxd3 Nc5 15. g4 Bd7 16. Kb1 Qa5 17. Ne2 Qxd2 18. Rxd2 Rfc8 19. Nc1 Bd8 20. Be2 b5 21. Nd3 Bb6 22. Bxc5 Bxc5 23. Nxc5 dxc5 24. Rc1 c4 25. Rdc2 Rcb8 26. Rc3 Kf8 27. b3 cxb3 28. axb3 a3 29. b4 Ra4 30. Rb3 Ke7 31. Ka2 f6 32. Rcc3 Kd6 33. h3 Rh8 34. Rxa3 Rxb4 35. Ra6+ Ke7 36. Ra7 h5 37. Rcc7 Rd8 38. Rcb7 Kd6 39. Ra6+ Kc5 40. Raa7 1-0

[Event "POL-chT"]
[Site "Wroclaw"]
[Date "2011.05.06"]
[Round "1.5"]
[White "Dworakowska, Joanna"]
[Black "Zawadzka, Beata"]
[Result "0-1"]
[WhiteElo "2319"]
[BlackElo "2272"]
[PlyCount "55"]
[EventDate "2011.05.06"]
[EventType "team-tourn"]
[EventRounds "9"]
[EventCountry "POL"]
[SourceTitle "EXT 2012"]
[Source "ChessBase"]
[SourceDate "2011.11.24"]
[SourceVersion "1"]
[SourceVersionDate "2011.11.24"]
[SourceQuality "1"]
[WhiteTeam "Warsaw"]
[BlackTeam "Gorzow Wielkopolski Stilon"]
[WhiteTeamCountry "POL"]
[BlackTeamCountry "POL"]

1. e4 c5 2. Nf3 Nc6 3. d4 cxd4 4. Nxd4 e5 5. Nb5 d6 6. c4 Be7 7. N1c3 a6 8. Na3 f5 9. exf5 Bxf5 10. Bd3 Be6 11. Nc2 Nf6 12. Ne3 0-0 13. Bf5 Bf7 14. 0-0 Nd4 15. Bh3 b5 16. b3 bxc4 17. bxc4 Qa5 18. Ne2 Nxe2+ 19. Qxe2 Bd8 20. Qd3 Bb6 21. Nf5 Bc5 22. Qg3 Nh5 23. Qg5 g6 24. Bg4 Ng7 25. Nxg7 Kxg7 26. Qh4 Bxc4 27. Bh6+ Kg8 28. Bd7 0-1

[Event "BL 1011 (Women)"]
[Site "Germany"]
[Date "2010.11.06"]
[Round "1.3"]
[White "Fuchs, Judith"]
[Black "Zawadzka, Beata"]
[Result "1-0"]
[WhiteElo "2237"]
[BlackElo "2295"]
[PlyCount "79"]
[EventDate "2010.11.06"]
[EventType "team-tourn"]
[EventRounds "11"]
[EventCountry "GER"]
[SourceTitle "EXT 2012"]
[Source "ChessBase"]
[SourceDate "2011.11.24"]
[SourceVersion "1"]
[SourceVersionDate "2011.11.24"]
[SourceQuality "1"]
[WhiteTeam "Leipzig Gohlis (W)"]
[BlackTeam "Hamburger SK (W)"]
[WhiteTeamCountry "GER"]
[BlackTeamCountry "GER"]

1. e4 c5 2. Nf3 d6 3. d4 cxd4 4. Nxd4 Nf6 5. Nc3 Bd7 6. f3 e5 7. Nb3 Bc6 8. Bg5 Nbd7 9. Qd2 Be7 10. 0-0-0 0-0 11. Kb1 a5 12. a3 a4 13. Nc1 Ra5 14. Bc4 Qc7 15. Ba2 Rc8 16. g4 Bf8 17. Rhg1 Qb6 18. Be3 Nc5 19. g5 Nh5 20. Nd3 Qc7 21. Nb4 g6 22. h4 Bd7 23. Ncd5 Qd8 24. Nf6+ Nxf6 25. gxf6 Be6 26. Bxe6 Nxe6 27. h5 Qxf6 28. hxg6 hxg6 29. Nd5 Rxd5 30. exd5 Nc5 31. f4 exf4 32. Bd4 Qf5 33. Rh1 Bg7 34. Qh2 Kf8 35. Bxg7+ Kxg7 36. Rdf1 f3 37. Qh6+ Kf6 38. Qe3 Nb3 39. Rh2 Qxd5 40. Rxf3+ 1-0

[Event "Olympiad Women-39"]
[Site "Khanty-Mansiysk"]
[Date "2010.09.28"]
[Round "7.12"]
[White "Aulia, Medina Warda"]
[Black "Zawadzka, Beata"]
[Result "1/2-1/2"]
[WhiteElo "2011"]
[BlackElo "2295"]
[PlyCount "62"]
[EventDate "2010.09.21"]
[EventType "team-swiss"]
[EventRounds "11"]
[EventCountry "RUS"]
[SourceTitle "CBM 139"]
[Source "ChessBase"]
[SourceDate "2010.11.18"]
[SourceVersion "1"]
[SourceVersionDate "2010.11.18"]
[SourceQuality "1"]
[WhiteTeam "Indonesia (W)"]
[BlackTeam "Poland (W)"]
[WhiteTeamCountry "INA"]
[BlackTeamCountry "POL"]

1. e4 c5 2. Nc3 d6 3. f4 g6 4. d4 Qa5 5. dxc5 Qxc5 6. Qd5 Nd7 7. Qxc5 Nxc5 8. Nb5 Kd8 9. Be3 b6 10. e5 a6 11. Nc3 e6 12. exd6 Bxd6 13. 0-0-0 Kc7 14. Nf3 Nh6 15. Ne5 Bb7 16. b4 Nd7 17. Nxd7 Kxd7 18. Bxb6 Kc6 19. b5+ axb5 20. Bxb5+ Kxb6 21. Rxd6+ Kc5 22. Rhd1 Bxg2 23. a4 Ra7 24. Kb2 Nf5 25. Rd7 Rxd7 26. Rxd7 Nd6 27. Kb3 h6 28. Rc7+ Kb6 29. Rd7 Kc5 30. Rc7+ Kb6 31. Rd7 Kc5 1/2-1/2

[Event "POL-chT 66th"]
[Site "Katowice"]
[Date "2010.09.12"]
[Round "9"]
[White "Zawadzka, Beata"]
[Black "Socko, Monika"]
[Result "1/2-1/2"]
[WhiteElo "2295"]
[BlackElo "2486"]
[PlyCount "61"]
[EventDate "2010.09.04"]
[EventType "team-tourn"]
[EventRounds "9"]
[EventCountry "POL"]
[SourceTitle "EXT 2016"]
[Source "ChessBase"]
[SourceDate "2015.10.08"]
[SourceVersion "1"]
[SourceVersionDate "2015.10.08"]
[SourceQuality "1"]
[WhiteTeam "Gorzow Wielkopolski Stilon"]
[BlackTeam "Katowice Hetman Szopienice"]
[WhiteTeamCountry "POL"]
[BlackTeamCountry "POL"]

1. e4 e5 2. Nf3 Nf6 3. d4 Nxe4 4. Bd3 d5 5. Nxe5 Nd7 6. Nxd7 Bxd7 7. 0-0 Bd6 8. c4 c6 9. Nc3 Nxc3 10. bxc3 0-0 11. cxd5 cxd5 12. Qh5 g6 13. Qxd5 Qc7 14. Qf3 Qxc3 15. Bh6 Rfe8 16. Qf6 Bf8 17. Bxf8 Rxf8 18. Be4 Bc6 19. Rac1 Qb4 20. Bxc6 bxc6 21. Rxc6 Rad8 22. Ra6 Qxd4 23. Qxd4 Rxd4 24. g3 Rc8 25. Rxa7 Rc2 26. a4 Ra2 27. a5 Rda4 28. Ra8+ Kg7 29. h4 Rxa5 30. Rxa5 Rxa5 31. Kg2 1/2-1/2

[Event "POL-chT 66th"]
[Site "Katowice"]
[Date "2010.09.08"]
[Round "5"]
[White "Zawadzka, Beata"]
[Black "Zawadzka, Jolanta"]
[Result "1/2-1/2"]
[WhiteElo "2295"]
[BlackElo "2410"]
[PlyCount "62"]
[EventDate "2010.09.04"]
[EventType "team-tourn"]
[EventRounds "9"]
[EventCountry "POL"]
[SourceTitle "EXT 2016"]
[Source "ChessBase"]
[SourceDate "2015.10.08"]
[SourceVersion "1"]
[SourceVersionDate "2015.10.08"]
[SourceQuality "1"]
[WhiteTeam "Gorzow Wielkopolski Stilon"]
[BlackTeam "Wroclaw Polonia"]
[WhiteTeamCountry "POL"]
[BlackTeamCountry "POL"]

1. e4 c5 2. Nf3 e6 3. d4 cxd4 4. Nxd4 Nc6 5. Nxc6 bxc6 6. Bd3 Nf6 7. 0-0 e5 8. Nd2 Bc5 9. Nc4 Qe7 10. b3 d5 11. exd5 cxd5 12. Ne3 0-0 13. Bb2 Qc7 14. Nxd5 Nxd5 15. Be4 Nb6 16. Bxa8 Nxa8 17. Qd5 Ba6 18. Bxe5 Qb6 19. c4 Nc7 20. Qf3 Ne6 21. Rad1 Bb7 22. Qg3 Re8 23. Rfe1 Rd8 24. Bf6 Rxd1 25. Rxd1 Bf8 26. Bc3 h6 27. h4 Qc6 28. Rd5 Qa6 29. Rd2 Qc6 30. Rd5 Qa6 31. Rd2 Qc6 1/2-1/2

[Event "POL-chT 66th"]
[Site "Katowice"]
[Date "2010.09.06"]
[Round "3"]
[White "Majdan, Joanna"]
[Black "Zawadzka, Beata"]
[Result "1/2-1/2"]
[WhiteElo "2333"]
[BlackElo "2295"]
[PlyCount "63"]
[EventDate "2010.09.04"]
[EventType "team-tourn"]
[EventRounds "9"]
[EventCountry "POL"]
[SourceTitle "EXT 2016"]
[Source "ChessBase"]
[SourceDate "2015.10.08"]
[SourceVersion "1"]
[SourceVersionDate "2015.10.08"]
[SourceQuality "1"]
[WhiteTeam "Lublin"]
[BlackTeam "Gorzow Wielkopolski Stilon"]
[WhiteTeamCountry "POL"]
[BlackTeamCountry "POL"]

1. e4 c5 2. Nf3 d6 3. d4 cxd4 4. Nxd4 Nf6 5. Nc3 a6 6. Be3 e5 7. Nb3 Be7 8. f3 Be6 9. Qd2 0-0 10. 0-0-0 a5 11. a4 Na6 12. g4 Nb4 13. g5 Nh5 14. Kb1 Rc8 15. Rg1 Bd7 16. Bc5 Bxa4 17. Bxb4 Bxb3 18. cxb3 axb4 19. Nd5 Nf4 20. Nxf4 exf4 21. Qxb4 Qc7 22. Qd2 Qc5 23. Bc4 Bxg5 24. Qxd6 b5 25. Qxc5 Rxc5 26. Rd5 Rxd5 27. Bxd5 Be7 28. Rc1 Rb8 29. Rc7 Kf8 30. Kc2 b4 31. Kd3 g5 32. h3 1/2-1/2

[Event "POL-chT 66th"]
[Site "Katowice"]
[Date "2010.09.04"]
[Round "1"]
[White "Czarnota, Dorota"]
[Black "Zawadzka, Beata"]
[Result "1-0"]
[WhiteElo "2206"]
[BlackElo "2295"]
[PlyCount "127"]
[EventDate "2010.09.04"]
[EventType "team-tourn"]
[EventRounds "9"]
[EventCountry "POL"]
[SourceTitle "EXT 2016"]
[Source "ChessBase"]
[SourceDate "2015.10.08"]
[SourceVersion "1"]
[SourceVersionDate "2015.10.08"]
[SourceQuality "1"]
[WhiteTeam "Szkola Grudziadz"]
[BlackTeam "Gorzow Wielkopolski Stilon"]
[WhiteTeamCountry "POL"]
[BlackTeamCountry "POL"]

1. e4 c5 2. Nf3 d6 3. d4 cxd4 4. Nxd4 Nf6 5. Nc3 a6 6. Be3 e5 7. Nf3 Qc7 8. a4 Be7 9. a5 0-0 10. Be2 Nc6 11. Bb6 Qd7 12. Nd2 Nd4 13. Nc4 Nb5 14. Nd5 Nxe4 15. Be3 Qe6 16. Ncb6 Rb8 17. c4 Nd4 18. Bxd4 exd4 19. Qxd4 Bd8 20. 0-0 Nc5 21. Rae1 Qh6 22. Rd1 Ne6 23. Qd2 Qxd2 24. Rxd2 Nc5 25. b4 Ne4 26. Rd4 Nf6 27. Nxc8 Rxc8 28. Ne3 Ne8 29. Nf5 Bf6 30. Rd5 Rd8 31. Rfd1 Bc3 32. b5 axb5 33. Rxb5 g6 34. Ne7+ Kg7 35. Nd5 Be5 36. f4 Bf6 37. Nxf6 Nxf6 38. Bf3 Rc8 39. Rd4 Rfe8 40. Bxb7 Ng4 41. Rb1 Rc5 42. a6 Ra5 43. Rxd6 Ra2 44. Bf3 Nf6 45. Rdb6 Nd7 46. Rc6 Nb8 47. Rc7 Rxa6 48. Rbb7 Rf6 49. Bd5 Rxf4 50. Rxf7+ Rxf7 51. Rxf7+ Kh6 52. Bb7 Re5 53. Rc7 Ra5 54. Bd5 Na6 55. Ra7 Ra4 56. Kf2 Nc5 57. Rxa4 Nxa4 58. Ke3 Kg5 59. Kd4 Kf6 60. Bc6 Nb2 61. Kc3 Nd1+ 62. Kd2 Nf2 63. Bf3 Ke5 64. Ke3 1-0

[Event "Arctic Chess Challenge"]
[Site "Tromsoe"]
[Date "2010.08.08"]
[Round "9"]
[White "Haarr, Jon Kristian"]
[Black "Zawadzka, Beata"]
[Result "1-0"]
[WhiteElo "2188"]
[BlackElo "2305"]
[PlyCount "67"]
[EventDate "2010.07.31"]
[EventType "swiss"]
[EventRounds "9"]
[EventCountry "NOR"]
[SourceTitle "CBM 137 Extra"]
[Source "ChessBase"]
[SourceDate "2010.09.01"]
[SourceVersion "1"]
[SourceVersionDate "2010.09.01"]
[SourceQuality "1"]

1. e4 e6 2. d4 d5 3. Nc3 Bb4 4. Nge2 Nc6 5. Be3 Nf6 6. e5 Ng4 7. a3 Nxe3 8. fxe3 Qh4+ 9. Ng3 Be7 10. Bd3 Bd7 11. 0-0 f6 12. exf6 gxf6 13. Qh5+ Qxh5 14. Nxh5 0-0 15. Ne2 Na5 16. b4 Nc4 17. Bxc4 dxc4 18. e4 a5 19. c3 Be8 20. Nhf4 Bf7 21. e5 f5 22. d5 exd5 23. e6 Bg6 24. Nxd5 Bd6 25. Nd4 f4 26. Nb5 c6 27. Nxd6 cxd5 28. Nxb7 axb4 29. axb4 Rxa1 30. Rxa1 Re8 31. Nc5 Bf5 32. Re1 Kg7 33. Kf2 Kf6 34. Kf3 1-0

[Event "Arctic Chess Challenge"]
[Site "Tromsoe"]
[Date "2010.08.06"]
[Round "7"]
[White "Shoker, Samy"]
[Black "Zawadzka, Beata"]
[Result "1-0"]
[WhiteElo "2472"]
[BlackElo "2305"]
[PlyCount "67"]
[EventDate "2010.07.31"]
[EventType "swiss"]
[EventRounds "9"]
[EventCountry "NOR"]
[SourceTitle "CBM 137 Extra"]
[Source "ChessBase"]
[SourceDate "2010.09.01"]
[SourceVersion "1"]
[SourceVersionDate "2010.09.01"]
[SourceQuality "1"]

1. g3 g6 2. Bg2 Bg7 3. c4 f5 4. Nc3 Nf6 5. d3 0-0 6. Nf3 d6 7. 0-0 Nc6 8. Rb1 Nh5 9. Bd2 a5 10. a3 f4 11. Ng5 e6 12. Nge4 e5 13. e3 Be6 14. Nd5 Kh8 15. exf4 exf4 16. Nxf4 Nxf4 17. Bxf4 Qd7 18. Qd2 Bh3 19. Bh6 Nd4 20. Bxg7+ Kxg7 21. f4 Bxg2 22. Kxg2 a4 23. b4 axb3 24. Qc3 c5 25. Rxb3 Kg8 26. Rb6 Ra6 27. Qb2 Rxb6 28. Qxb6 Nc2 29. Kg1 Qg4 30. Qxd6 Ne3 31. Re1 Qf3 32. Qe6+ Kg7 33. Qe7+ Kg8 34. Qxh7+ 1-0